<?xml version="1.0" encoding="UTF-8"?>
<record
    xmlns:xsi="http://www.w3.org/2001/XMLSchema-instance"
    xsi:schemaLocation="http://www.loc.gov/MARC21/slim http://www.loc.gov/standards/marcxml/schema/MARC21slim.xsd"
    xmlns="http://www.loc.gov/MARC21/slim">

  <leader>00992nam a22002537a 4500</leader>
  <datafield tag="952" ind1=" " ind2=" ">
    <subfield code="0">0</subfield>
    <subfield code="1">0</subfield>
    <subfield code="2">lcc</subfield>
    <subfield code="4">0</subfield>
    <subfield code="7">0</subfield>
    <subfield code="a">21</subfield>
    <subfield code="b">21</subfield>
    <subfield code="d">2014-09-08</subfield>
    <subfield code="l">0</subfield>
    <subfield code="o">C QD5 L37 2012</subfield>
    <subfield code="p">21 002657</subfield>
    <subfield code="r">2014-09-08</subfield>
    <subfield code="t">1</subfield>
    <subfield code="w">2014-09-08</subfield>
    <subfield code="y">LB</subfield>
  </datafield>
  <datafield tag="952" ind1=" " ind2=" ">
    <subfield code="0">0</subfield>
    <subfield code="1">0</subfield>
    <subfield code="4">0</subfield>
    <subfield code="7">0</subfield>
    <subfield code="a">01</subfield>
    <subfield code="b">01</subfield>
    <subfield code="d">2016-04-01</subfield>
    <subfield code="l">0</subfield>
    <subfield code="o">C 540 L328</subfield>
    <subfield code="p">01 004396</subfield>
    <subfield code="r">2016-04-01</subfield>
    <subfield code="t">1</subfield>
    <subfield code="w">2016-04-01</subfield>
    <subfield code="y">LB</subfield>
  </datafield>
  <datafield tag="952" ind1=" " ind2=" ">
    <subfield code="0">0</subfield>
    <subfield code="1">0</subfield>
    <subfield code="4">0</subfield>
    <subfield code="7">0</subfield>
    <subfield code="a">01</subfield>
    <subfield code="b">01</subfield>
    <subfield code="d">2018-03-16</subfield>
    <subfield code="l">0</subfield>
    <subfield code="o">C 540 L328</subfield>
    <subfield code="p">01 014292</subfield>
    <subfield code="r">2018-03-16</subfield>
    <subfield code="t">2</subfield>
    <subfield code="w">2018-03-16</subfield>
    <subfield code="y">LB</subfield>
  </datafield>
  <datafield tag="999" ind1=" " ind2=" ">
    <subfield code="c">93889</subfield>
    <subfield code="d">93889</subfield>
  </datafield>
  <controlfield tag="005">20231102151719.0</controlfield>
  <controlfield tag="008">140908r2006    mx a|||dr|||| 00| 0 spa d</controlfield>
  <datafield tag="020" ind1=" " ind2=" ">
    <subfield code="a">9702213428</subfield>
  </datafield>
  <datafield tag="020" ind1=" " ind2=" ">
    <subfield code="a">9789702213420</subfield>
  </datafield>
  <datafield tag="050" ind1=" " ind2="4">
    <subfield code="a">C QD5</subfield>
    <subfield code="b">L37 2012</subfield>
  </datafield>
  <datafield tag="082" ind1=" " ind2="4">
    <subfield code="a">C 540</subfield>
    <subfield code="b">L328</subfield>
  </datafield>
  <datafield tag="245" ind1="1" ind2="0">
    <subfield code="a">Larousse diccionario esencial qu&#xED;mica</subfield>
    <subfield code="c">/  edici&#xF3;n, Angels Casanovas Freixas, Laura del Barrio Est&#xE9;vez</subfield>
  </datafield>
  <datafield tag="260" ind1=" " ind2="3">
    <subfield code="a">M&#xE9;xico</subfield>
    <subfield code="b">: Larousse</subfield>
    <subfield code="c">, 2006</subfield>
  </datafield>
  <datafield tag="300" ind1=" " ind2=" ">
    <subfield code="a">370 p&#xE1;ginas </subfield>
  </datafield>
  <datafield tag="500" ind1=" " ind2=" ">
    <subfield code="a">Reimpresiones: 2012, 2015</subfield>
  </datafield>
  <datafield tag="519" ind1=" " ind2=" ">
    <subfield code="a">Material Complementario</subfield>
    <subfield code="d">(01 004396, 01 014292)</subfield>
  </datafield>
  <datafield tag="519" ind1=" " ind2=" ">
    <subfield code="a">Material Complementario</subfield>
    <subfield code="d">(21 002657)</subfield>
  </datafield>
  <datafield tag="650" ind1="1" ind2="4">
    <subfield code="a">QU&#xCD;MICA</subfield>
    <subfield code="x">DICCIONARIOS</subfield>
  </datafield>
  <datafield tag="700" ind1="1" ind2=" ">
    <subfield code="a">Casanovas Freixas, Angels</subfield>
    <subfield code="e">editor</subfield>
  </datafield>
  <datafield tag="700" ind1=" " ind2=" ">
    <subfield code="a">Taylor, Howard Edward</subfield>
    <subfield code="d">1922</subfield>
    <subfield code="e">autor</subfield>
    <subfield code="9">25859</subfield>
  </datafield>
  <datafield tag="942" ind1=" " ind2=" ">
    <subfield code="c">LB</subfield>
  </datafield>
</record>
